Bioquímica
Saved in:
| Hovedforfatter: | |
|---|---|
| Format: | Bog |
| Sprog: | spansk |
| Udgivet: |
Wilmington
Addison-Wesley Iberoamericana
1991
|
| Udgivelse: | Quinta edición |
| Fag: | |
| Tags: |
Tilføj Tag
Ingen Tags, Vær først til at tagge denne postø!
|
MARC
| LEADER | 00000nam a2200000 a 4500 | ||
|---|---|---|---|
| 001 | UCW2686 | ||
| 003 | CL-VaPUC | ||
| 005 | 20210223001811.0 | ||
| 008 | 920811e19910000US |||||||||||||||||spa|d | ||
| 999 | |c 217174 |d 217172 | ||
| 040 | |c Pontificia Universidad Católica de Valparaíso | ||
| 082 | 0 | 4 | |a 572 BOH 1991 |2 21 |
| 100 | 0 | |a Bohinski, Robert C |9 306954 | |
| 245 | 1 | 0 | |a Bioquímica |
| 250 | |a Quinta edición | ||
| 260 | 0 | 3 | |a Wilmington |b Addison-Wesley Iberoamericana |c 1991 |
| 300 | |a 739 páginas | ||
| 583 | |a last modification |c 19920811 00:00:00 |k Rodrigo Vera | ||
| 650 | 0 | |a Bioquímica |9 259492 | |
| 942 | |c BK |2 ddc | ||
| 945 | |d 19920811 00:00:00 |a mfernand | ||
| 952 | |0 0 |1 0 |2 ddc |4 0 |6 572_000000000000000_BOH_1991 |7 0 |8 A |9 203962 |a BIBCUR |b BIBCUR |d 2019-11-15 |i 2712318 |l 1 |o 572 BOH 1991 |p 2712318 |r 2025-04-22 |s 2023-08-17 |t 3 |w 2019-11-15 |y BK |k BCB | ||
| 952 | |0 0 |1 0 |2 ddc |4 0 |6 572_000000000000000_BOH_1991 |7 0 |8 A |9 203963 |a BIBCUR |b BIBCUR |d 2019-11-15 |i 3078760 |o 572 BOH 1991 |p 3078760 |r 2025-04-22 |t 4 |w 2019-11-15 |y BK |k BCB | ||
| 952 | |0 0 |1 0 |2 ddc |4 0 |6 572_000000000000000_BOH_1991 |7 0 |8 A |9 203964 |a BIBCUR |b BIBCUR |d 2019-11-15 |i 308342K |o 572 BOH 1991 |p 308342K |r 2025-04-22 |t 5 |w 2019-11-15 |y BK |k BCB | ||
| 952 | |0 0 |1 0 |2 ddc |4 0 |6 572_000000000000000_BOH_1991 |7 0 |8 A |9 203965 |a BIBCUR |b BIBCUR |d 2019-11-15 |i 3083519 |o 572 BOH 1991 |p 3083519 |r 2025-04-22 |t 6 |w 2019-11-15 |y BK |k BCB | ||
| 952 | |0 0 |1 0 |2 ddc |4 0 |6 572_000000000000000_BOH_1991 |7 0 |8 A |9 203966 |a BIBCUR |b BIBCUR |d 2019-11-15 |i 3175928 |o 572 BOH 1991 |p 3175928 |r 2025-04-22 |t 7 |w 2019-11-15 |y BK |k BCB | ||
| 952 | |0 0 |1 0 |2 ddc |4 0 |6 572_000000000000000_BOH_1991 |7 0 |8 A |9 203968 |a BIBCUR |b BIBCUR |d 2019-11-15 |i 3175944 |o 572 BOH 1991 |p 3175944 |r 2025-04-22 |t 9 |w 2019-11-15 |y BK |k QUI | ||
| 952 | |0 0 |1 0 |2 ddc |4 0 |6 572_000000000000000_BOH_1991 |7 0 |8 A |9 203969 |a BIBCUR |b BIBCUR |d 2019-11-15 |i 3175952 |o 572 BOH 1991 |p 3175952 |r 2025-04-22 |t 10 |w 2019-11-15 |y BK |k QUI | ||
| 952 | |0 0 |1 0 |2 ddc |4 0 |6 572_000000000000000_BOH_1991 |7 0 |8 A |9 203970 |a BIBCUR |b BIBCUR |d 2019-11-15 |i 3175987 |o 572 BOH 1991 |p 3175987 |r 2025-04-22 |t 11 |w 2019-11-15 |y BK |k BCB | ||
| 952 | |0 0 |1 0 |2 ddc |4 0 |6 572_000000000000000_BOH_1991 |7 0 |8 A |9 203971 |a BIBCUR |b BIBCUR |d 2019-11-15 |i 3175995 |o 572 BOH 1991 |p 3175995 |r 2025-04-22 |t 12 |w 2019-11-15 |y BK |k BCB | ||
| 952 | |0 0 |1 0 |2 ddc |4 0 |6 572_000000000000000_BOH_1991 |7 0 |8 A |9 203973 |a BIBCUR |b BIBCUR |d 2019-11-15 |i 2917505 |l 1 |o 572 BOH 1991 |p 2917505 |r 2025-04-22 |s 2023-07-04 |t 14 |w 2019-11-15 |y BK |k BIO | ||
| 952 | |0 0 |1 0 |2 ddc |4 0 |6 572_000000000000000_BOH_1991 |7 0 |8 A |9 203979 |a BIBCUR |b BIBCUR |d 2019-11-15 |i 3324001 |o 572 BOH 1991 |p 3324001 |r 2025-04-22 |t 20 |w 2019-11-15 |y BK |k BCB | ||
| 952 | |0 0 |1 0 |2 ddc |4 0 |6 572_000000000000000_BOH_1991 |7 0 |8 A |9 203980 |a BIBCUR |b BIBCUR |c PAC |d 2019-11-15 |i 3324028 |o 572 BOH 1991 |p 3324028 |r 2025-04-22 |t 21 |w 2019-11-15 |y BK |k BCB | ||
| 952 | |0 0 |1 0 |2 ddc |4 0 |6 572_000000000000000_BOH_1991 |7 0 |8 A |9 203982 |a BIBCUR |b BIBCUR |d 2019-11-15 |i 3324044 |o 572 BOH 1991 |p 3324044 |r 2025-04-22 |t 23 |w 2019-11-15 |y BK |k BCB | ||
| 952 | |0 0 |1 0 |2 ddc |4 0 |6 572_000000000000000_BOH_1991 |7 0 |8 A |9 203983 |a BIBCUR |b BIBCUR |d 2019-11-15 |i 3324052 |o 572 BOH 1991 |p 3324052 |r 2025-04-22 |t 24 |w 2019-11-15 |y BK |k BCB | ||
| 952 | |0 0 |1 0 |2 ddc |4 0 |6 572_000000000000000_BOH_1991 |7 0 |8 A |9 203984 |a BIBING |b BIBING |d 2019-11-15 |i 3324591 |o 572 BOH 1991 |p 3324591 |r 2025-01-20 |t 29 |w 2019-11-15 |y BK |k ING | ||
| 952 | |0 0 |1 0 |2 ddc |4 0 |6 572_000000000000000_BOH_1991 |7 0 |8 A |9 203985 |a BIBING |b BIBING |d 2019-11-15 |i 3324605 |o 572 BOH 1991 |p 3324605 |r 2025-01-20 |t 30 |w 2019-11-15 |y BK |k ING | ||
| 952 | |0 0 |1 0 |2 ddc |4 0 |6 572_000000000000000_BOH_1991 |7 0 |8 A |9 203986 |a BIBING |b BIBING |d 2019-11-15 |i 3324613 |o 572 BOH 1991 |p 3324613 |r 2025-01-20 |t 31 |w 2019-11-15 |y BK |k ING | ||
| 952 | |0 0 |1 0 |2 ddc |4 0 |6 572_000000000000000_BOH_1991 |7 0 |8 A |9 203987 |a BIBING |b BIBING |d 2019-11-15 |i 3324621 |l 1 |o 572 BOH 1991 |p 3324621 |r 2025-01-20 |s 2023-10-05 |t 32 |w 2019-11-15 |y BK |k ING | ||
| 952 | |0 0 |1 0 |2 ddc |4 0 |6 572_000000000000000_BOH_1991 |7 0 |8 A |9 203988 |a BIBING |b BIBING |d 2019-11-15 |i 332463K |o 572 BOH 1991 |p 332463K |r 2025-01-20 |t 33 |w 2019-11-15 |y BK |k ING | ||
| 952 | |0 0 |1 0 |2 ddc |4 0 |6 572_000000000000000_BOH_1991 |7 0 |8 A |9 203989 |a BIBING |b BIBING |d 2019-11-15 |i 3499847 |o 572 BOH 1991 |p 3499847 |r 2025-01-20 |t 34 |w 2019-11-15 |y BK |k ING | ||
| 952 | |0 0 |1 0 |2 ddc |4 0 |6 572_000000000000000_BOH_1991 |7 0 |8 A |9 203990 |a BIBALI |b BIBALI |c RES |d 2019-11-15 |i 358903K |o 572 BOH 1991 |p 358903K |r 2025-01-20 |t 35 |w 2019-11-15 |y BK_R |k ALI | ||
| 952 | |0 0 |1 0 |2 ddc |4 0 |6 572_000000000000000_BOH_1991 |7 0 |8 A |9 203991 |a BIBALI |b BIBALI |c RES |d 2019-11-15 |i 3589048 |o 572 BOH 1991 |p 3589048 |r 2025-01-20 |t 36 |w 2019-11-15 |y BK_R |k ALI | ||
| 952 | |0 0 |1 0 |2 ddc |4 0 |6 572_000000000000000_BOH_1991 |7 0 |8 A |9 203994 |a BIBALI |b BIBALI |c RES |d 2019-11-15 |i 3609847 |o 572 BOH 1991 |p 3609847 |r 2025-01-20 |t 39 |w 2019-11-15 |y BK_R |k ALI | ||
| 952 | |0 0 |1 0 |2 ddc |4 0 |6 572_000000000000000_BOH_1991 |7 0 |8 A |9 203998 |a BIBCUR |b BIBCUR |d 2019-11-15 |i 4159144 |l 1 |o 572 BOH 1991 |p 4159144 |r 2025-04-22 |s 2023-07-03 |t 28 |w 2019-11-15 |y BK |k BCB | ||